Introduction to machine learning with Python : (Record no. 57746)
[ view plain ]
| 000 -LEADER | |
|---|---|
| fixed length control field | 02349nam\a2200361\a\4500 |
| 001 - CONTROL NUMBER | |
| control field | 57746 |
| 005 - DATE AND TIME OF LATEST TRANSACTION | |
| control field | 20260406114619.0 |
| 008 - FIXED-LENGTH DATA ELEMENTS--GENERAL INFORMATION | |
| fixed length control field | 260406t20162017caua 001 0 eng d |
| 020 ## - INTERNATIONAL STANDARD BOOK NUMBER | |
| ISBN | 9789352134571 |
| 040 ## - CATALOGING SOURCE | |
| Original cataloging agency | BTCTA |
| Language of cataloging | eng |
| Transcribing agency | BTCTA |
| Description conventions | rda |
| Modifying agency | YDXCP |
| -- | BDX |
| -- | OCLCQ |
| -- | JBL |
| -- | APL |
| -- | TEF |
| -- | OCLCF |
| -- | AHS |
| -- | CHVBK |
| -- | OCLCO |
| -- | MVP |
| -- | FIE |
| -- | I8M |
| -- | CDN |
| -- | OCLCQ |
| -- | BD-DhIUB |
| 082 04 - DEWEY DECIMAL CLASSIFICATION NUMBER | |
| Classification number | 005.133 |
| Edition number | 23 |
| Item number | M9581i |
| 100 1# - MAIN ENTRY--PERSONAL NAME | |
| Personal name | Müller, Andreas C., |
| Relator term | author. |
| 245 10 - TITLE STATEMENT | |
| Title | Introduction to machine learning with Python : |
| Remainder of title | a guide for data scientists / |
| Statement of responsibility, etc | Andreas C. Müller and Sarah Guido. |
| 246 30 - VARYING FORM OF TITLE | |
| Title proper/short title | Machine learning with Python |
| 250 ## - EDITION STATEMENT | |
| Edition statement | First edition. |
| 260 ## - PUBLICATION, DISTRIBUTION, ETC. (IMPRINT) | |
| Place of publication, distribution, etc | Mumbai: |
| Name of publisher, distributor, etc | Shroff Publishers and Distributors Pvt.Ltd., |
| Date of publication, distribution, etc | 2017 |
| 300 ## - PHYSICAL DESCRIPTION | |
| Extent | xii, 376 pages : |
| Other physical details | illustrations ; |
| Dimensions | 24 cm |
| 500 ## - GENERAL NOTE | |
| General note | Includes index. |
| 505 0# - FORMATTED CONTENTS NOTE | |
| Formatted contents note | Introduction -- Supervised learning -- Unsupervised learning and preprocessing -- Representing data and engineering features -- Model evaluation and improvement -- Algorithm chains and pipelines -- Working with text data -- Wrapping up. |
| 520 ## - SUMMARY, ETC. | |
| Summary, etc | Machine learning has become an integral part of many commercial applications and research projects, but this field is not exclusive to large companies with extensive research teams. If you use Python, even as a beginner, this book will teach you practical ways to build your own machine learning solutions. With all the data available today, machine learning applications are limited only by your imagination. You'll learn the steps necessary to create a successful machine-learning application with Python and the scikit-learn library. Authors Andreas Müller and Sarah Guido focus on the practical aspects of using machine learning algorithms, rather than the math behind them. Familiarity with the NumPy and matplotlib libraries will help you get even more from this book. -- |
| 526 ## - STUDY PROGRAM INFORMATION NOTE | |
| School name | School of engineering, Technology &Sciences |
| Department | Physical Science |
| Shelving Location | Reference Stacks |
| 541 ## - IMMEDIATE SOURCE OF ACQUISITION NOTE | |
| Source of acquisition | Risaam |
| 650 #0 - SUBJECT ADDED ENTRY--TOPICAL TERM | |
| Topical term or geographic name as entry element | Python (Computer program language) |
| 650 #0 - SUBJECT ADDED ENTRY--TOPICAL TERM | |
| Topical term or geographic name as entry element | Programming languages (Electronic computers) |
| 650 #0 - SUBJECT ADDED ENTRY--TOPICAL TERM | |
| Topical term or geographic name as entry element | Data mining. |
| 650 #7 - SUBJECT ADDED ENTRY--TOPICAL TERM | |
| Topical term or geographic name as entry element | Data mining. |
| Source of heading or term | fast |
| 650 #7 - SUBJECT ADDED ENTRY--TOPICAL TERM | |
| Topical term or geographic name as entry element | Programming languages (Electronic computers) |
| Source of heading or term | fast |
| 650 #7 - SUBJECT ADDED ENTRY--TOPICAL TERM | |
| Topical term or geographic name as entry element | Python (Computer program language) |
| Source of heading or term | fast |
| 650 #7 - SUBJECT ADDED ENTRY--TOPICAL TERM | |
| Topical term or geographic name as entry element | Maschinelles Lernen |
| Source of heading or term | gnd |
| 700 1# - ADDED ENTRY--PERSONAL NAME | |
| Personal name | Guido, Sarah, |
| Relator term | author. |
| 942 ## - ADDED ENTRY ELEMENTS (KOHA) | |
| Source of classification or shelving scheme | Dewey Decimal Classification |
| Koha item type | Books |
| Withdrawn status | Lost status | Source of classification or shelving scheme | Damaged status | Not for loan | Home library | Current library | Shelving location | Date acquired | Source of acquisition | Cost, normal purchase price | Serial Enumeration / chronology | Total Checkouts | Full call number | Barcode | Date last seen | Copy number | Cost, replacement price | Price effective from | Koha item type |
|---|---|---|---|---|---|---|---|---|---|---|---|---|---|---|---|---|---|---|---|
| Dewey Decimal Classification | Not For Loan | Library, Independent University, Bangladesh (IUB) | Library, Independent University, Bangladesh (IUB) | Reference Stacks | 30/03/2026 | Purchase | 1935.00 | 2017 | 005.133 M9581i | 029609 | 06/04/2026 | 01 | 3870.00 | 30/03/2026 | Books | ||||
| Dewey Decimal Classification | Library, Independent University, Bangladesh (IUB) | Library, Independent University, Bangladesh (IUB) | General Stacks | 30/03/2026 | Purchase | 1935.00 | 2017 | 005.133 M9581i | 029610 | 06/04/2026 | 02 | 3870.00 | 30/03/2026 | Books | |||||
| Dewey Decimal Classification | Library, Independent University, Bangladesh (IUB) | Library, Independent University, Bangladesh (IUB) | General Stacks | 30/03/2026 | Purchase | 1935.00 | 2017 | 005.133 M9581i | 029611 | 06/04/2026 | 03 | 3870.00 | 30/03/2026 | Books |